| 000 | 00443nam a2200193Ia 4500 | ||
|---|---|---|---|
| 003 | IT-RoPAU | ||
| 008 | 120407s9999 xx 000 0 und d | ||
| 040 | _aIT-RoPAU | ||
| 040 | _cIT-RoPAU | ||
| 041 | _aita | ||
| 100 | _aRaymond Radiquet | ||
| 245 | _a1 Le bal du compe d’Orgel Roman. 2 Le diable au corps “ | ||
| 250 | _aParis | ||
| 260 | _aGrasset | ||
| 300 | _c18,5 cm | ||
| 490 | _v1 | ||
| 942 | _cBK | ||
| 999 |
_c323 _d323 |
||